A COMMENTARY OF TANTRASANGRAHA IN KERALABHASA: KRIYAKALAPA (Record no. 9048)

MARC details
000 -LEADER
fixed length control field 00440nam a22001457a 4500
005 - DATE AND TIME OF LATEST TRANSACTION
control field 20260227115907.0
008 - FIXED-LENGTH DATA ELEMENTS--GENERAL INFORMATION
fixed length control field 260227b |||||||| |||| 00| 0 eng d
041 ## - LANGUAGE CODE
Language code of text/sound track or separate title eng
082 ## - DEWEY DECIMAL CLASSIFICATION NUMBER
Classification number 299.6 MAH-C
100 ## - MAIN ENTRY--AUTHOR NAME
Personal name MAHESH,K R PAI VENKETSWARA AND RAMASUBRAMANIAN .K
245 ## - TITLE STATEMENT
Title A COMMENTARY OF TANTRASANGRAHA IN KERALABHASA: KRIYAKALAPA
260 ## - PUBLICATION, DISTRIBUTION, ETC. (IMPRINT)
Place of publication NEW DELHI
Name of publisher INDIAN NATIONAL SCIENCE ACADEMY
Year of publication 2010
650 ## - SUBJECT ADDED ENTRY--TOPICAL TERM
Topical Term BGP
942 ## - ADDED ENTRY ELEMENTS (KOHA)
Koha item type Books
Holdings
Lost status Damaged status Collection code Home library Current library Shelving location Date acquired Cost, normal purchase price Full call number Accession Number Koha item type
    BHARTIYA GYAN PARAMPARA JRU Library JRU Library KAUTILYA BOOK SANGRAH 27/02/2026 320.00 299.6 MAH-C 29284 Books